000
00328nam a2200133Ia 4500
008
150201s2005 xx 000 0 und d
082
_a
12.015
_b
I05H
100
_a
HAMES,DAVID
245
_a
INSTANT NOTES IN BIOCHEMISTRY
250
_a
3RD
260
_b
TAYLORA FRANCIS
_a
DELHI
_c
2005
650
_a
BIOCHEMISTRY
942
_2
ddc
_c
BK
_0
6
999
_c
919
_d
919